<?xml version="1.0" encoding="UTF-8"?>
<record
    xmlns:xsi="http://www.w3.org/2001/XMLSchema-instance"
    xsi:schemaLocation="http://www.loc.gov/MARC21/slim http://www.loc.gov/standards/marcxml/schema/MARC21slim.xsd"
    xmlns="http://www.loc.gov/MARC21/slim">

  <leader>02270nam a2200229 a 4500</leader>
  <controlfield tag="001">ASIN0849390680</controlfield>
  <controlfield tag="003">OSt</controlfield>
  <controlfield tag="005">20240311145752.0</controlfield>
  <controlfield tag="008">150222s2008    xxu                 eng d</controlfield>
  <datafield tag="020" ind1=" " ind2=" ">
    <subfield code="a">0849390680 (hardcover)</subfield>
    <subfield code="c">$253.00</subfield>
  </datafield>
  <datafield tag="020" ind1=" " ind2=" ">
    <subfield code="a">9780849390685 (hardcover)</subfield>
  </datafield>
  <datafield tag="040" ind1=" " ind2=" ">
    <subfield code="e">rda</subfield>
    <subfield code="c">ddc</subfield>
  </datafield>
  <datafield tag="082" ind1=" " ind2=" ">
    <subfield code="a">547</subfield>
    <subfield code="b">TOD</subfield>
  </datafield>
  <datafield tag="100" ind1="1" ind2=" ">
    <subfield code="a">Todres, Zory Vlad.</subfield>
    <subfield code="9">282</subfield>
  </datafield>
  <datafield tag="245" ind1="1" ind2="0">
    <subfield code="a">Ion-Radical Organic Chemistry :</subfield>
    <subfield code="b">Principles and Applications, Second Edition /</subfield>
    <subfield code="c">Zory Vlad Todres.</subfield>
  </datafield>
  <datafield tag="250" ind1=" " ind2=" ">
    <subfield code="a">2nd ed.</subfield>
  </datafield>
  <datafield tag="260" ind1=" " ind2=" ">
    <subfield code="a">[S.l.] :</subfield>
    <subfield code="b">CRC Press,</subfield>
    <subfield code="c">2008.</subfield>
  </datafield>
  <datafield tag="300" ind1=" " ind2=" ">
    <subfield code="a">496 p. ;</subfield>
    <subfield code="c">26 cm.</subfield>
  </datafield>
  <datafield tag="520" ind1=" " ind2=" ">
    <subfield code="a">Consolidating knowledge from a number of disciplines, Ion-Radical Organic Chemistry: Principles and Applications, Second Edition presents the recent changes that have occurred in the field since the publication of the first edition in 2003. This volume examines the formation, transformation, and application of ion-radicals in typical conditions of organic synthesis. Avoiding complex mathematics, the author explains the principles of ion-radical organic chemistry and presents an overview of organic ion-radical reactions. He reviews methods of determining ion-radical mechanisms and controlling ion-radical reactions. Wherever applicable, the text addresses issues relating to ecology and biomedical concerns as well as inorganic participants of the ion-radical organic reactions. After reviewing the nature of organic ion-radicals and their ground-state electronic structure, the book discusses their formation, the relationship between electronic structure and reactivity, mechanism and regulation of reactions, stereochemical aspects, synthetic opportunities, and practical applications. Additional topics include electronic and opto-electronic devices, organic magnets and conductors, lubricants, other materials, and reactions of industrial or biomedical importance. The book concludes by providing an outlook on possible future development in this field. Researchers and practitioners engaged in active work on synthetic or mechanistic organic chemistry and its practical applications will find this text to be invaluable in both its scope and its depth.</subfield>
  </datafield>
  <datafield tag="856" ind1="4" ind2="0">
    <subfield code="3">Amazon.com</subfield>
    <subfield code="u">http://www.amazon.com/exec/obidos/ASIN/0849390680/chopaconline-20</subfield>
  </datafield>
  <datafield tag="942" ind1=" " ind2=" ">
    <subfield code="2">ddc</subfield>
    <subfield code="c">BK</subfield>
  </datafield>
  <datafield tag="999" ind1=" " ind2=" ">
    <subfield code="c">197</subfield>
    <subfield code="d">197</subfield>
  </datafield>
  <datafield tag="952" ind1=" " ind2=" ">
    <subfield code="0">0</subfield>
    <subfield code="1">0</subfield>
    <subfield code="2">ddc</subfield>
    <subfield code="3">Hard Bound</subfield>
    <subfield code="7">0</subfield>
    <subfield code="8">NFIC</subfield>
    <subfield code="a">IC</subfield>
    <subfield code="b">IC</subfield>
    <subfield code="c">GEN</subfield>
    <subfield code="d">2015-02-22</subfield>
    <subfield code="g">20988.00</subfield>
    <subfield code="l">0</subfield>
    <subfield code="o">547 TOD</subfield>
    <subfield code="p">005897</subfield>
    <subfield code="r">2015-02-22 00:00:00</subfield>
    <subfield code="w">2015-02-22</subfield>
    <subfield code="y">REF</subfield>
  </datafield>
</record>
